Láskavec metlinatý (Amaranthus cruentus L.) ako hyperakumulátor olova a potenciálna rastlina pre účely fytoremediácie
Pestovanie cudzokrajných drevín na pôde, ktorá bola v minulosti využívaná ako vinohrad sa prejavilo v povrchovej vrstve pôdy (0,0-0,2m) pod porastom ľaliovníkov tulipánokvetých len nepatrnými zmenami hodnôt výmennej pôdnej reakcie a charakteristík sorpčného komplexu, kým pod porastom javorov cukro...
Uložené v:
| Hlavný autor: | |
|---|---|
| Ďalší autori: | , , , , |
| Médium: | Kapitola |
| Jazyk: | Slovak |
| Predmet: | |
| Tagy: |
Žiadne tagy, Buďte prvý, kto otaguje tento záznam!
|
MARC
| LEADER | 00000naa a2200000 4500 | ||
|---|---|---|---|
| 001 | 0236445 | ||
| 005 | 20240502073826.9 | ||
| 041 | 0 | |a slo | |
| 044 | |a SK | ||
| 245 | 1 | 0 | |a Láskavec metlinatý (Amaranthus cruentus L.) ako hyperakumulátor olova a potenciálna rastlina pre účely fytoremediácie |c Jozef Fejér, Janka Porubská, Ivan Kron, Andrea Hricová, Gabriela Libiaková, Alena Gajdošová |
| 520 | |a Pestovanie cudzokrajných drevín na pôde, ktorá bola v minulosti využívaná ako vinohrad sa prejavilo v povrchovej vrstve pôdy (0,0-0,2m) pod porastom ľaliovníkov tulipánokvetých len nepatrnými zmenami hodnôt výmennej pôdnej reakcie a charakteristík sorpčného komplexu, kým pod porastom javorov cukrových došlo k preukaznému okysleniu a k zníženiu nasýtenia sorpčného komplexu bázickými katiónmi. Pestovanie stromov na pôde, ktorá bola minulosti využívaná ako vinohrad sa štatisticky preukazne prejavilo zvýšením zásoby celkového a najmä labilných foriem uhlíka, ako aj celkového dusíka, kým obsah makroživín fosforu a draslíka bol preukazne vyšší v povrchovej vrstve pôdy vinohradu, do ktorej sa pridáva v forme priemyselných hnojív, kým do pôdy pod porastom drevín sa uvoľňujú iba rozkladom a mineralizáciou opadu ako aj zvetrávaním pôdnych minerálov. Z výsledkov vyplýva, že druh porastu a spôsob využívania pôdy významne ovplyvnili pôdne vlastnosti v Arboréte Mlyňany. | ||
| 610 | 2 | 0 | |a biológia |
| 610 | 2 | 0 | |a biomasa |
| 610 | 2 | 0 | |a ochrana prostredia životného |
| 610 | 2 | 0 | |a ochrana pôdy |
| 610 | 2 | 0 | |a olovo |
| 610 | 2 | 0 | |a rastliny priemyselné |
| 100 | 1 | |a Fejér, Jozef | |
| 700 | 1 | |a Porubská, Janka | |
| 700 | 1 | |a Kron, Ivan, 1950- | |
| 700 | 1 | |a Hricová, Andrea | |
| 700 | 1 | |a Libiaková, Gabriela | |
| 700 | 1 | |a Gajdošová, Alena | |